GETS Theological Seminary Library

早期传教士进藏活动史  (Record no. 54029)

MARC details
000 -LEADER
fixed length control field 00549nam a2200181Ia 4500
008 - FIXED-LENGTH DATA ELEMENTS--GENERAL INFORMATION
fixed length control field 250807s9999 xx 000 0 und d
020 ## - INTERNATIONAL STANDARD BOOK NUMBER
International Standard Book Number 780057072X
020 ## - INTERNATIONAL STANDARD BOOK NUMBER
International Standard Book Number 9787800570728
041 ## - LANGUAGE CODE
Language code of text/sound track or separate title chi
050 ## - LIBRARY OF CONGRESS CALL NUMBER
Classification number BV3420.T5
Item number .W8 1992
100 ## - MAIN ENTRY--PERSONAL NAME
Personal name 伍昆明
245 #0 - TITLE STATEMENT
Title 早期传教士进藏活动史 
Remainder of title /
Statement of responsibility, etc. 伍昆明
260 ## - PUBLICATION, DISTRIBUTION, ETC.
Place of publication, distribution, etc. 北京:
Name of publisher, distributor, etc. "中国藏学出版社, "
Date of publication, distribution, etc. 1992
300 ## - PHYSICAL DESCRIPTION
Extent "8, 4, 671 p., [6] p. of plates : "
Other physical details ill. ;
Dimensions 20 cm.
650 ## - SUBJECT ADDED ENTRY--TOPICAL TERM
Topical term or geographic name entry element Missions China Tibet Autonomous Region History.
650 ## - SUBJECT ADDED ENTRY--TOPICAL TERM
Topical term or geographic name entry element Missions.
Holdings
Withdrawn status Lost status Damaged status Not for loan Home library Current library Shelving location Date acquired Total Checkouts Full call number Barcode Date last seen Price effective from Koha item type
        GETS Theological Seminary Library GETS Theological Seminary Library General Stacks 08/07/2025   BV3420.T5 .W8 1992 00034605 08/07/2025 08/07/2025 Chinese Book
OpacCredits

Contact the Librarian, GETS Library
Email: library@mygets.org









Implemented by GETS Library
(Powered by ETCA Professional Group)
GETS Theological Seminary
412 E. Rowland Street, CA 91723